000 00595nam a2200205 a 4500
003 OSt
005 20151111101938.0
008 020226s1973 esp 0011 spa d
020 _a84-252-0239-6
040 _cBMC
082 _a808.06842
100 1 _aKipling, Rudyard
_9589
_d1865-1936
245 1 3 _aEl libro de la selva
_cRudyard Kipling ; traducción, Ramón D. Perés
250 _a9ª ed
260 _aBarcelona
_bGustavo Gili
_c1973
300 _a236 p.
_c19 cm
650 2 4 _929437
_aCuentos ingleses
700 1 _931100
_aPerés, Ramón D.
_d1863-1956
942 _2ddc
_cBK
_hprozim
999 _c18141
_d18141